Sports Quiz

Random Sports Quiz

Heisman Winners 1970-2013 Quiz Stats

 Plays Quiz Updated Dec 12, 2016

Challenge
Share
Tweet
Score 0/42 Timer 07:00
2 Plays Today
Heisman winner % Correct
Robert Griffin III
93.8%
Tim Tebow
92.7%
Archie Griffin
88.5%
Cam Newton
87.1%
Sam Bradford
86%
Jameis Winston
79.6%
Johnny Manziel
78.9%
Ricky Williams
77.5%
Desmond Howard
75.7%
Matt Leinart
73.9%
Carson Palmer
73.7%
Doug Flutie
73.1%
Eddie George
71.1%
Barry Sanders
69.2%
Bo Jackson
69.1%
Charles Woodson
68.6%
Mark Ingram
68.1%
Jason White
66.9%
Tim Brown
66.9%
Charles White
66.4%
Vinny Testaverde
63.4%
Heisman winner % Correct
Ron Dayne
62.7%
Herschel Walker
60.7%
Marcus Allen
60.3%
Troy Smith
57.4%
Charlie Ward
56.1%
Ty Detmer
55.4%
Jim Plunkett
51.8%
Eric Crouch
45.9%
Rashaan Salaam
44.7%
Chris Weinke
44.4%
Danny Wuerffel
42.8%
Andre Ware
40.2%
Tony Dorsett
39.8%
Gino Torretta
37.9%
Mike Rozier
36.2%
Billy Sims
32.4%
Earl Campbell
29%
George Rogers
27.5%
Johnny Rodgers
21.1%
Pat Sullivan
12.3%
John Cappelletti
11.3%

You're not logged in!

Compare scores with friends on all Sporcle quizzes.
Join for Free
OR
Log In

You Might Also Like...

Show Comments

Extras

Top Quizzes Today


Score Distribution

Your Account Isn't Verified!

In order to create a playlist on Sporcle, you need to verify the email address you used during registration. Go to your Sporcle Settings to finish the process.

Report this User

Report this user for behavior that violates our Community Guidelines.

Details: